Culture and society, Vol. 9 (Record no. 1394647)

MARC details
000 -LEADER
fixed length control field 00627nam a2200217Ia 4500
005 - DATE AND TIME OF LATEST TRANSACTION
control field 20250508165345.0
008 - FIXED-LENGTH DATA ELEMENTS--GENERAL INFORMATION
fixed length control field 008 250505s9999 xx 000 0 eng d
020 ## - INTERNATIONAL STANDARD BOOK NUMBER
International Standard Book Number 978-81-321-1390-4
037 ## - SOURCE OF ACQUISITION
Stock number Textual
040 ## - CATALOGING SOURCE
Original cataloging agency FEDL
Language of cataloging eng
Transcribing agency FEDL
041 ## - LANGUAGE CODE
Language code of text/sound track or separate title eng
Source of code eng
084 ## - COLON CLASSIFICATION NUMBER
Classification number 306, VIS
Assigning agency FEDL
100 ## - MAIN ENTRY--PERSONAL NAME
Personal name Visvanathan Susan Ed.
9 (RLIN) 14399
245 #0 - TITLE STATEMENT
Title Culture and society, Vol. 9
260 ## - PUBLICATION, DISTRIBUTION, ETC.
Place of publication, distribution, etc. New Delhi, India
Name of publisher, distributor, etc. Sage Publications India Pvt. Ltd.
Date of publication, distribution, etc. 2014
300 ## - PHYSICAL DESCRIPTION
Extent xxxiii, 377p.
365 ## - TRADE PRICE
Price type code INR
Price amount 695
490 ## - SERIES STATEMENT
Series statement Reading in Indian Sociology
942 ## - ADDED ENTRY ELEMENTS (KOHA)
Koha item type Textual
Classification part 306, VIS
Holdings
Withdrawn status Lost status Damaged status Not for loan Home library Current library Date acquired Cost, normal purchase price Total Checkouts Full call number Barcode Date last seen Price effective from Koha item type
        Department of Education Library Department of Education Library 2025-05-08 695.00   306, VIS EL0088286 2025-05-08 2025-05-08 Textual
Copyright @ Delhi University Library System